000 00875cam a2200217 i 4500
999 _c57448
_d57448
001 18409806
005 20220929153402.0
008 141217s2016 paua bf 001 0 eng
020 _a9781451143270
041 _aeng
080 _a61+616 T-44
245 0 4 _aThe Washington manual of outpatient internal medicine /
_cexecutive editor, Thomas M. De Fer; editor, Heather Sateia,
250 _aSecond edition.
264 1 _aPhiladelphia :
_bWolters Kluwer,
_c2015.
300 _a1014 pages :
_billustrations (some color);
_c22 cm.
653 _aამბულატორიული მედიცინის სახელმძღვანელო
653 _aамбулаторная медицина
700 1 _aDe Fer, Thomas M.,
_eრედაქტორი
_98672
700 1 _aSateia, Heather F.,
_eრედაქტორი
_98673
942 _2udc
_cBK